[Event "Medjimurje Cup"]
[Site "Croatia "]
[Date "2020.02.09"]
[Round "1.4"]
[White "Kerman, Josip"]
[Black "Vidovic, Fran"]
[Result "1-0"]
[WhiteElo "1635"]
[BlackElo "1694"]
[PlyCount "114"]
[EventDate "2020.02.09"]
[EventType "team-swiss"]
[EventRounds "6"]
[EventCountry "CRO"]
[SourceTitle "CBM 195 Extra"]
[Source "ChessBase"]
[SourceDate "2020.05.31"]
[SourceVersion "1"]
[SourceVersionDate "2020.05.31"]
[SourceQuality "1"]

1. d4 d5 2. Nf3 Nf6 3. Bf4 Bf5 4. e3 e6 5. Bd3 Bxd3 6. Qxd3 Bd6 7. Qb5+ Nbd7 8. Bxd6 cxd6 9. Nbd2 Qb6 10. a4 a6 11. Qb3 Qxb3 12. Nxb3 a5 13. 0-0 0-0 14. Rfc1 b6 15. Nbd2 Rfc8 16. c4 dxc4 17. Rxc4 Rxc4 18. Nxc4 d5 19. Nd6 h6 20. Rc1 Rd8 21. Nb5 Rb8 22. Kf1 Kf8 23. Ke2 g5 24. h3 g4 25. hxg4 Nxg4 26. Rc7 Ngf6 27. Nd2 Ke7 28. f3 Ne8 29. Rc2 Nd6 30. Nxd6 Kxd6 31. f4 f5 32. Kf3 Ke7 33. Nb3 Rh8 34. g3 h5 35. Nc1 Rb8 36. Nb3 Rh8 37. Nc1 Rb8 38. Nd3 Rh8 39. Ne1 Rb8 40. Ng2 Rh8 41. Nh4 Rg8 42. Kf2 Rd8 43. Nf3 Rb8 44. Rc6 Re8 45. Rc7 Kd6 46. Rc1 Ke7 47. Nh4 Rg8 48. Nf3 Rb8 49. Ke2 Rg8 50. Ng5 Rb8 51. Rc6 Nf8 52. Kd2 Kd7 53. Rc1 Ke7 54. Rh1 b5 55. axb5 Rxb5 56. Kc2 Nd7 57. Rxh5 Nb6 1-0

[Event "Medimurska CupT"]
[Site "Croatia"]
[Date "2019.03.17"]
[Round "6.6"]
[White "Jurcec, Andjelko"]
[Black "Kerman, Josip"]
[Result "0-1"]
[WhiteElo "1472"]
[BlackElo "1657"]
[PlyCount "76"]
[EventDate "2019.02.10"]
[EventType "team-swiss"]
[EventRounds "6"]
[EventCountry "CRO"]
[SourceTitle "EXT 2020"]
[Source "ChessBase"]
[SourceDate "2019.10.17"]
[SourceVersion "1"]
[SourceVersionDate "2019.10.17"]
[SourceQuality "1"]

1. e4 c5 2. Nf3 d6 3. Nc3 Nf6 4. Bc4 h6 5. h3 e6 6. e5 dxe5 7. Nxe5 a6 8. Nf3 b5 9. Be2 Bb7 10. 0-0 Bd6 11. d3 Qc7 12. Re1 0-0 13. Be3 Nbd7 14. Qd2 Rad8 15. Bxh6 gxh6 16. Qxh6 Bf4 17. Qh4 Nh7 18. g3 Bxf3 19. gxf4 Bxe2 20. Nxe2 Ndf6 21. Kh2 Kh8 22. Ng3 Rg8 23. Re5 Rg6 24. Rg1 Rdg8 25. Rg5 Rxg5 26. fxg5 Rxg5 27. Kh1 Rg6 28. Re1 Qc6+ 29. Kg1 Kg7 30. Re3 Ng5 31. Kf1 Nf3 32. Qf4 Ng5 33. h4 Nd5 34. Nh5+ Kh7 35. Qh2 Nxe3+ 36. fxe3 Qf3+ 37. Qf2 Qxh5 38. hxg5 Rxg5 0-1

[Event "Medimurska CupT"]
[Site "Croatia"]
[Date "2019.03.03"]
[Round "4.7"]
[White "Stankovic, Mateo"]
[Black "Kerman, Josip"]
[Result "0-1"]
[WhiteElo "1456"]
[BlackElo "1657"]
[PlyCount "32"]
[EventDate "2019.02.10"]
[EventType "team-swiss"]
[EventRounds "6"]
[EventCountry "CRO"]
[SourceTitle "EXT 2020"]
[Source "ChessBase"]
[SourceDate "2019.10.17"]
[SourceVersion "1"]
[SourceVersionDate "2019.10.17"]
[SourceQuality "1"]

1. e4 c5 2. Nf3 Nc6 3. d4 cxd4 4. Nxd4 e6 5. Nc3 a6 6. Bc4 Be7 7. 0-0 b5 8. Bb3 Bb7 9. a3 Nf6 10. Re1 Qc7 11. Nf3 Ne5 12. Kh1 Nfg4 13. Kg1 Bc5 14. Be3 Nxe3 15. fxe3 Ng4 16. g3 Nxe3 0-1

[Event "Medimurska CupT"]
[Site "Croatia"]
[Date "2019.02.17"]
[Round "2.6"]
[White "Zeleznjak, Tihomir"]
[Black "Kerman, Josip"]
[Result "1/2-1/2"]
[WhiteElo "2006"]
[BlackElo "1657"]
[PlyCount "81"]
[EventDate "2019.02.10"]
[EventType "team-swiss"]
[EventRounds "6"]
[EventCountry "CRO"]
[SourceTitle "EXT 2020"]
[Source "ChessBase"]
[SourceDate "2019.10.17"]
[SourceVersion "1"]
[SourceVersionDate "2019.10.17"]
[SourceQuality "1"]

1. e4 c5 2. d4 cxd4 3. c3 dxc3 4. Nxc3 e6 5. Bc4 Qc7 6. Qe2 a6 7. Nf3 Bb4 8. 0-0 Bxc3 9. bxc3 Ne7 10. Ba3 Nbc6 11. Rfd1 0-0 12. Bd6 Qd8 13. Bb3 Re8 14. e5 Nf5 15. Bc2 Nce7 16. Qe4 Ng6 17. Ba3 Nfh4 18. Nd4 f5 19. Qe3 Nf8 20. Bxf8 Kxf8 21. Nxe6+ Rxe6 22. g3 Rxe5 23. Qd3 Ng6 24. f4 Qb6+ 25. Kg2 Qc6+ 26. Kh3 Rc5 27. Bb3 Ne7 28. Re1 Qf6 29. Re3 d5 30. Rae1 Rc7 31. c4 b5 32. cxd5 Bb7 33. Re6 Qf7 34. Kg2 Rd8 35. R1e5 g6 36. Qd4 Rcd7 37. Kf2 Bxd5 38. Rxd5 Nxd5 39. Bxd5 Rxd5 40. Qh8+ Qg8 41. Qf6+ 1/2-1/2

[Event "Nedelisce Medjimurja op"]
[Site "Nedelisce"]
[Date "2018.06.24"]
[Round "5"]
[White "Zadravec, Matija"]
[Black "Kerman, Josip"]
[Result "1-0"]
[WhiteElo "2194"]
[BlackElo "1612"]
[PlyCount "45"]
[EventDate "2018.06.22"]
[EventType "swiss"]
[EventRounds "7"]
[EventCountry "CRO"]
[SourceTitle "EXT 2019"]
[Source "ChessBase"]
[SourceDate "2018.10.10"]
[SourceVersion "1"]
[SourceVersionDate "2018.10.10"]
[SourceQuality "1"]

1. e4 c5 2. Nf3 Nc6 3. c3 e5 4. d4 cxd4 5. cxd4 Bb4+ 6. Nc3 exd4 7. Nxd4 Bxc3+ 8. bxc3 Nge7 9. Bd3 0-0 10. 0-0 a6 11. f4 b5 12. Qh5 Qe8 13. Qh4 Ng6 14. Qg3 Qe7 15. f5 Qe5 16. fxg6 Qxg3 17. gxh7+ Kh8 18. hxg3 Ne5 19. Bc2 d6 20. Nf3 Be6 21. Nxe5 dxe5 22. Bb3 Rae8 23. Ba3 1-0

[Event "Medjimurske Team Cup"]
[Site "Nedelisce"]
[Date "2018.03.11"]
[Round "5.5"]
[White "Kerman, Josip"]
[Black "Hederic, Gregor"]
[Result "0-1"]
[WhiteElo "1642"]
[BlackElo "1529"]
[PlyCount "137"]
[EventDate "2018.02.11"]
[EventType "team-swiss"]
[EventRounds "6"]
[EventCountry "CRO"]
[SourceTitle "CBM 183 Extra"]
[Source "ChessBase"]
[SourceDate "2018.04.19"]
[SourceVersion "1"]
[SourceVersionDate "2018.04.19"]
[SourceQuality "1"]

1. d4 d5 2. c4 e6 3. e3 Nf6 4. Nf3 c6 5. Nc3 Be7 6. Bd2 0-0 7. Qc2 Qc7 8. b3 b6 9. g3 dxc4 10. bxc4 Bb7 11. Bg2 c5 12. Ne2 Rd8 13. 0-0 Nbd7 14. Rfc1 Rac8 15. Qb3 cxd4 16. exd4 Ba6 17. Bf4 Bd6 18. Bxd6 Qxd6 19. Rc2 Rc7 20. Rac1 Rdc8 21. Nd2 e5 22. d5 b5 23. cxb5 Rxc2 24. Rxc2 Rxc2 25. Qxc2 Bxb5 26. Nc3 Ba6 27. Nce4 Nxe4 28. Nxe4 Qb4 29. h4 Bb7 30. Qb3 Qxb3 31. axb3 Bxd5 32. b4 Kf8 33. Kf1 Ke7 34. f3 Nb8 35. Nd2 Na6 36. b5 Nc7 37. Ne4 Nxb5 38. Ke1 a5 39. Nc5 f5 40. Kd2 Kd6 41. Na4 h5 42. Ke3 Bc6 43. Bf1 Nd4 44. Nb6 Bxf3 45. Nc4+ Ke6 46. Nxa5 Kf6 47. Nc4 Bd5 48. Nd2 g5 49. hxg5+ Kxg5 50. Bh3 h4 51. gxh4+ Kxh4 52. Bf1 f4+ 53. Kd3 Kg3 54. Ne4+ Kh2 55. Nc3 Bg2 56. Bxg2 Kxg2 57. Ke4 Nc6 58. Nd1 f3 59. Ne3+ Kf2 60. Ng4+ Ke2 61. Ne3 f2 62. Nf5 f1Q 63. Ng3+ Kf2 64. Nxf1 Kxf1 65. Kf3 Ke1 66. Ke3 Kd1 67. Kd3 Kc1 68. Ke4 Kc2 69. Ke3 0-1

[Event "Topusko Amateur op 6th"]
[Site "Topusko"]
[Date "2017.08.17"]
[Round "7"]
[White "Kerman, Josip"]
[Black "Turicar, Goran"]
[Result "0-1"]
[WhiteElo "1640"]
[BlackElo "1879"]
[PlyCount "80"]
[EventDate "2017.08.12"]
[EventType "swiss"]
[EventRounds "9"]
[EventCountry "CRO"]
[SourceTitle "CBM 180 Extra"]
[Source "ChessBase"]
[SourceDate "2017.10.06"]
[SourceVersion "1"]
[SourceVersionDate "2017.10.06"]
[SourceQuality "1"]

1. d4 d5 2. c4 e6 3. Nc3 Nf6 4. Nf3 c6 5. e3 Nbd7 6. Bd2 Bd6 7. c5 Bc7 8. b4 0-0 9. Be2 e5 10. dxe5 Nxe5 11. Nxe5 Bxe5 12. f4 Ne4 13. Nxe4 Bxa1 14. Qxa1 dxe4 15. Bc3 Qh4+ 16. g3 Qh6 17. h4 Qg6 18. Kf2 f6 19. h5 Qf7 20. g4 h6 21. f5 Qe7 22. a4 Bd7 23. Rd1 Be8 24. Qa2+ Bf7 25. Bc4 Rad8 26. Bd4 Kh7 27. Kg2 Bxc4 28. Qxc4 Rd5 29. Re1 Rfd8 30. Rd1 Qc7 31. Qc2 Rxd4 32. Rxd4 Rxd4 33. exd4 Qf4 34. Kh3 e3 35. Qe2 Qxd4 36. Kg3 Qe4 37. a5 a6 38. Kh3 Qf4 39. Qa2 Qf3+ 40. Kh2 e2 0-1

[Event "Ptuj op 10"]
[Site "Ptuj"]
[Date "2015.10.27"]
[Round "5"]
[White "Kerman, Josip"]
[Black "Skok, Amalija"]
[Result "1-0"]
[WhiteElo "1715"]
[BlackElo "1528"]
[PlyCount "33"]
[EventDate "2015.10.24"]
[EventType "swiss"]
[EventRounds "9"]
[EventCountry "SLO"]
[SourceTitle "CBM 169 Extra"]
[Source "ChessBase"]
[SourceDate "2015.12.18"]
[SourceVersion "1"]
[SourceVersionDate "2015.12.18"]
[SourceQuality "1"]

1. d4 d5 2. c4 e6 3. Nc3 Nf6 4. e3 Nc6 5. Nf3 Bb4 6. Bd2 0-0 7. Bd3 dxc4 8. Bxc4 Bd7 9. a3 Be7 10. 0-0 Re8 11. Rc1 a6 12. b4 b5 13. Bd3 Bd6 14. Ne4 Nxe4 15. Bxe4 Qf6 16. Bxc6 Bxc6 17. Rxc6 1-0

[Event "Ptuj op 10"]
[Site "Ptuj"]
[Date "2015.10.25"]
[Round "2"]
[White "Murko, David"]
[Black "Kerman, Josip"]
[Result "1-0"]
[WhiteElo "2275"]
[BlackElo "1715"]
[PlyCount "59"]
[EventDate "2015.10.24"]
[EventType "swiss"]
[EventRounds "9"]
[EventCountry "SLO"]
[SourceTitle "CBM 169 Extra"]
[Source "ChessBase"]
[SourceDate "2015.12.18"]
[SourceVersion "1"]
[SourceVersionDate "2015.12.18"]
[SourceQuality "1"]

1. e4 c5 2. Nf3 Nc6 3. Bb5 e6 4. 0-0 Be7 5. Re1 a6 6. Bxc6 dxc6 7. d3 Qc7 8. e5 f6 9. Bf4 f5 10. Nc3 Bd7 11. a4 a5 12. Ne2 Qd8 13. Bc1 g5 14. d4 g4 15. Nd2 h5 16. Nc4 Qc7 17. dxc5 Rd8 18. Nd6+ Kf8 19. Nf4 Kg7 20. Bd2 b6 21. cxb6 Qxb6 22. Ra3 Bxd6 23. exd6 Re8 24. Rb3 Qd8 25. Bc3+ Nf6 26. Rb7 Rh7 27. Rxe6 Qc8 28. Rc7 Qxc7 29. dxc7 Rxe6 30. Qxd7+ 1-0

[Event "Medimurska CupT"]
[Site "Croatia"]
[Date "2014.03.08"]
[Round "5.8"]
[White "Mrla, Dragan"]
[Black "Kerman, Josip"]
[Result "1-0"]
[WhiteElo "1820"]
[BlackElo "1821"]
[PlyCount "95"]
[EventDate "2014.02.08"]
[EventType "team-swiss"]
[EventRounds "6"]
[EventCountry "CRO"]
[SourceTitle "EXT 2023"]
[Source "ChessBase"]
[SourceDate "2022.10.05"]
[SourceVersion "1"]
[SourceVersionDate "2022.10.05"]
[SourceQuality "1"]

1. d4 d5 2. c4 c6 3. e3 Bf5 4. Nc3 e6 5. cxd5 exd5 6. Bd3 Bxd3 7. Qxd3 Nf6 8. Nf3 Nbd7 9. 0-0 Bd6 10. Re1 0-0 11. a4 Bb4 12. Re2 Re8 13. Bd2 a5 14. Rae1 Ne4 15. Na2 Bd6 16. g3 f5 17. Kg2 Qf6 18. Qb3 b6 19. Bc3 Qe6 20. Qc2 Be7 21. Nc1 h6 22. Nd3 g5 23. Nfe5 Nxc3 24. Qxc3 Nxe5 25. Nxe5 Bb4 26. Qxc6 Bxe1 27. Rxe1 Qxc6 28. Nxc6 Rac8 29. Rc1 Kg7 30. Rc3 Re6 31. Ne5 Rxc3 32. bxc3 Kf6 33. Kf3 Re7 34. c4 dxc4 35. Nxc4 Rb7 36. Ke2 Ke6 37. Kd3 Kd5 38. f3 Rb8 39. e4+ fxe4+ 40. fxe4+ Kc6 41. d5+ Kc5 42. d6 b5 43. axb5 a4 44. e5 Kd5 45. Kc3 Rxb5 46. d7 Rb8 47. Nb6+ Kxe5 48. Nc8 1-0

[Event "Medimurska CupT"]
[Site "Croatia"]
[Date "2014.03.01"]
[Round "4.5"]
[White "Kanizaj, Dino"]
[Black "Kerman, Josip"]
[Result "0-1"]
[WhiteElo "1619"]
[BlackElo "1821"]
[PlyCount "86"]
[EventDate "2014.02.08"]
[EventType "team-swiss"]
[EventRounds "6"]
[EventCountry "CRO"]
[SourceTitle "EXT 2023"]
[Source "ChessBase"]
[SourceDate "2022.10.05"]
[SourceVersion "1"]
[SourceVersionDate "2022.10.05"]
[SourceQuality "1"]

1. Nf3 c5 2. c4 g6 3. d4 cxd4 4. Nxd4 Bg7 5. Nc3 Nc6 6. e3 Nf6 7. g3 0-0 8. Bg2 a6 9. 0-0 Qc7 10. b3 Rd8 11. Ba3 d6 12. Rc1 e5 13. Nxc6 bxc6 14. Qd2 Be6 15. e4 Rd7 16. Qc2 Ne8 17. Rcd1 Rad8 18. Rd3 d5 19. Na4 dxe4 20. Rxd7 Qxd7 21. Nc5 Qd2 22. Bxe4 Bh3 23. Qxd2 Rxd2 24. Ra1 Nf6 25. Bb4 Nxe4 26. Bxd2 Nxd2 27. Rd1 Nf3+ 28. Kh1 Nd4 29. Nxa6 Bg4 30. Ra1 e4 31. h4 Nxb3 32. Re1 Nd4 33. Nc5 Nc2 34. Rc1 Nb4 35. Rb1 Nxa2 36. Rb6 Bd4 37. Rxc6 Bxf2 38. Kh2 e3 39. Kg2 Nb4 40. Rb6 Nc2 41. Nd3 Ne1+ 42. Nxe1 Bxe1 43. Kf1 Bxg3 0-1

[Event "CRO-chT4B Center North"]
[Site "Croatia"]
[Date "2013.10.20"]
[Round "8.2"]
[White "Skrobar, David"]
[Black "Kerman, Josip"]
[Result "1/2-1/2"]
[WhiteElo "1534"]
[BlackElo "1741"]
[PlyCount "66"]
[EventDate "2013.04.14"]
[EventType "team-tourn"]
[EventRounds "9"]
[EventCountry "CRO"]
[SourceTitle "EXT 2019"]
[Source "ChessBase"]
[SourceDate "2018.10.10"]
[SourceVersion "1"]
[SourceVersionDate "2018.10.10"]
[SourceQuality "1"]

1. d4 d5 2. c4 dxc4 3. e4 e6 4. Bxc4 Nf6 5. Nc3 Nc6 6. Nf3 Be7 7. 0-0 0-0 8. Bg5 h6 9. Bh4 a6 10. a3 b5 11. Ba2 Bb7 12. b4 Qd7 13. Rc1 Rad8 14. Bxf6 Bxf6 15. d5 Qe7 16. Re1 e5 17. Ne2 Nb8 18. Qc2 Rc8 19. Qc5 Qd7 20. Red1 c6 21. d6 Rce8 22. Rc2 Bc8 23. Nc1 Qg4 24. Re2 Be6 25. h3 Qg6 26. Bxe6 Rxe6 27. Nb3 Rd8 28. Na5 Be7 29. Nb7 Bxd6 30. Nxd6 Rexd6 31. Rxd6 Rxd6 32. Qa7 Rd1+ 33. Kh2 Qd6 1/2-1/2

[Event "Topusko op 2nd"]
[Site "Topusko"]
[Date "2013.08.08"]
[Round "6"]
[White "Kerman, Josip"]
[Black "Malesevic, Elvino"]
[Result "0-1"]
[WhiteElo "1747"]
[BlackElo "1916"]
[PlyCount "122"]
[EventDate "2013.08.03"]
[EventType "swiss"]
[EventRounds "7"]
[EventCountry "CRO"]
[SourceTitle "CBM 155 Extra"]
[Source "ChessBase"]
[SourceDate "2013.08.26"]
[SourceVersion "1"]
[SourceVersionDate "2013.08.26"]
[SourceQuality "1"]

1. d4 d5 2. c4 e6 3. Nc3 Nf6 4. Nf3 c6 5. e3 Bd6 6. Bd3 dxc4 7. Bxc4 b5 8. Bd3 Bb7 9. 0-0 Nbd7 10. a3 a6 11. b4 0-0 12. Bb2 Re8 13. Qc2 h6 14. Rac1 e5 15. Ne4 Nxe4 16. Bxe4 Rc8 17. Rfd1 Qe7 18. dxe5 Nxe5 19. Nxe5 Bxe5 20. Bf3 Rc7 21. Bxe5 Qxe5 22. Qc5 Qxc5 23. Rxc5 Kf8 24. Rdc1 Re6 25. g3 Ke7 26. h4 f6 27. Rd1 Rd6 28. Rxd6 Kxd6 29. g4 a5 30. Kh2 axb4 31. axb4 Bc8 32. Kg3 g5 33. Be4 Bd7 34. Bf5 Ra7 35. Rc2 Bxf5 36. gxf5 Ra4 37. Rd2+ Ke5 38. f4+ gxf4+ 39. exf4+ Kxf5 40. Rd6 Rxb4 41. Rxc6 Rc4 42. Rb6 Rc3+ 43. Kg2 Rb3 44. Kf2 h5 45. Ke2 b4 46. Kd2 Rf3 47. Rxb4 Rxf4 48. Rb3 Rxh4 49. Ke2 Rh2+ 50. Kf1 h4 51. Kg1 Ra2 52. Rb5+ Kg4 53. Rb4+ Kg5 54. Rb5+ f5 55. Kh1 Kg4 56. Rb4+ f4 57. Kg1 Kg3 58. Rb3+ f3 59. Rb1 h3 60. Kh1 Rh2+ 61. Kg1 f2+ 0-1

[Event "Krk Golden Island op 1st"]
[Site "Malinska"]
[Date "2013.04.09"]
[Round "5"]
[White "Kerman, Josip"]
[Black "Slamar, Velimir"]
[Result "1-0"]
[WhiteElo "1732"]
[BlackElo "2171"]
[PlyCount "55"]
[EventDate "2013.04.06"]
[EventType "swiss"]
[EventRounds "9"]
[EventCountry "CRO"]
[SourceTitle "CBM 153 Extra"]
[Source "ChessBase"]
[SourceDate "2013.04.22"]
[SourceVersion "1"]
[SourceVersionDate "2013.04.22"]
[SourceQuality "1"]

1. d4 Nf6 2. c4 c5 3. e3 e6 4. Nf3 Be7 5. Bd3 cxd4 6. exd4 d5 7. c5 0-0 8. b4 b6 9. Bb2 a5 10. a3 axb4 11. axb4 Rxa1 12. Bxa1 Ne4 13. Qb3 Bf6 14. Bxe4 dxe4 15. Ne5 Bb7 16. 0-0 Nc6 17. Nxc6 Bxc6 18. Rd1 Qa8 19. Nc3 bxc5 20. dxc5 Rb8 21. b5 Bxb5 22. Nxb5 Bxa1 23. Qc4 Qc6 24. Na7 Qa8 25. Rxa1 e3 26. fxe3 Rb7 27. Qa6 h6 28. c6 1-0

[Event "Podturen Mavrin Memorial"]
[Site "Podturen"]
[Date "2013.01.05"]
[Round "5"]
[White "Kerman, Josip"]
[Black "Bunjac, Branimir"]
[Result "0-1"]
[WhiteElo "1737"]
[BlackElo "2017"]
[PlyCount "70"]
[EventDate "2013.01.03"]
[EventType "swiss"]
[EventRounds "7"]
[EventCountry "CRO"]
[SourceTitle "CBM 152 Extra"]
[Source "ChessBase"]
[SourceDate "2013.02.25"]
[SourceVersion "1"]
[SourceVersionDate "2013.02.25"]
[SourceQuality "1"]

1. d4 c6 2. c4 d5 3. e3 Nf6 4. Nc3 a6 5. Nf3 Bg4 6. h3 Bxf3 7. Qxf3 e6 8. Bd2 Nbd7 9. cxd5 cxd5 10. g4 Bb4 11. Bd3 0-0 12. 0-0 e5 13. Qg2 Bxc3 14. Bxc3 e4 15. Be2 Nb6 16. f4 exf3 17. Rxf3 Ne4 18. Bb4 Re8 19. Raf1 f6 20. h4 a5 21. Be1 Nc4 22. Bxc4 dxc4 23. Rf4 Qe7 24. R1f3 h6 25. Qc2 Qe6 26. h5 b5 27. b3 cxb3 28. Qxb3 Qxb3 29. axb3 a4 30. bxa4 Rxa4 31. Rf1 Ng5 32. Rf5 Rxe3 33. Rxb5 Rxd4 34. Kf2 Rf3+ 35. Ke2 Re4+ 0-1

[Event "CRO-chT3B Center North"]
[Site "Croatia"]
[Date "2012.10.13"]
[Round "7.26"]
[White "Turk, Vesna"]
[Black "Kerman, Josip"]
[Result "1/2-1/2"]
[WhiteElo "1704"]
[BlackElo "1738"]
[PlyCount "111"]
[EventDate "2012.04.14"]
[EventType "team-tourn"]
[EventRounds "9"]
[EventCountry "CRO"]
[SourceTitle "EXT 2013"]
[Source "ChessBase"]
[SourceDate "2012.11.22"]
[SourceVersion "1"]
[SourceVersionDate "2012.11.22"]
[SourceQuality "1"]

1. d4 d5 2. Nf3 Nf6 3. Bg5 Nbd7 4. e3 e6 5. c4 dxc4 6. Bxc4 c6 7. 0-0 Be7 8. Nc3 0-0 9. a4 h6 10. Bh4 Nd5 11. Bg3 Nxc3 12. bxc3 Nf6 13. Nd2 Bd6 14. f4 Nd5 15. Bxd5 exd5 16. c4 dxc4 17. Nxc4 Bc7 18. e4 b5 19. axb5 cxb5 20. Ne5 a5 21. Nc6 Qd7 22. d5 Bb7 23. Qc2 Rfe8 24. Rfc1 Bb6+ 25. Bf2 Bxf2+ 26. Kxf2 Rec8 27. Qc5 Bxc6 28. dxc6 Qa7 29. Kf3 Qxc5 30. Rxc5 a4 31. Rxb5 Rxc6 32. Ra3 f6 33. g4 Ra7 34. Rb4 Rca6 35. h4 Kf7 36. Rb5 Ra5 37. Rb4 Ke6 38. Rb6+ Kd7 39. Ke3 Kc7 40. Rb4 Kc6 41. h5 Kc5 42. Rb8 Rb5 43. Rc8+ Kb4 44. Rcc3 Rc5 45. Rxc5 Kxc5 46. e5 Kb4 47. Rd3 a3 48. Rd4+ Kb3 49. Rd3+ Kb2 50. Rd6 Rb7 51. Rd2+ Kb1 52. Rd1+ Ka2 53. e6 Kb2 54. Rd2+ Kc3 55. Rd3+ Kb2 56. Rd2+ 1/2-1/2

[Event "Krapina op 2nd"]
[Site "Krapina"]
[Date "2012.07.05"]
[Round "8"]
[White "Turk, Tajana"]
[Black "Kerman, Josip"]
[Result "1/2-1/2"]
[WhiteElo "1929"]
[BlackElo "1735"]
[PlyCount "50"]
[EventDate "2012.06.26"]
[EventType "swiss"]
[EventRounds "9"]
[EventCountry "CRO"]
[SourceTitle "EXT 2013"]
[Source "ChessBase"]
[SourceDate "2012.11.22"]
[SourceVersion "1"]
[SourceVersionDate "2012.11.22"]
[SourceQuality "1"]

1. b3 c5 2. Bb2 d5 3. e3 Nf6 4. Nf3 Nc6 5. d4 cxd4 6. exd4 Bf5 7. a3 Rc8 8. Bd3 Bxd3 9. Qxd3 e6 10. Nbd2 Bd6 11. 0-0 0-0 12. Ne5 a6 13. Ndf3 Ne4 14. c4 b6 15. cxd5 exd5 16. Qxa6 Re8 17. Rac1 Nxe5 18. dxe5 Ra8 19. Qb7 Bxa3 20. Bxa3 Rxa3 21. b4 Nc3 22. Ra1 Re7 23. Qc6 Re6 24. Qb7 Re7 25. Qc6 Re6 1/2-1/2

[Event "Krapina op 2nd"]
[Site "Krapina"]
[Date "2012.06.29"]
[Round "4"]
[White "Babic, Mladen"]
[Black "Kerman, Josip"]
[Result "1-0"]
[WhiteElo "1911"]
[BlackElo "1735"]
[PlyCount "117"]
[EventDate "2012.06.26"]
[EventType "swiss"]
[EventRounds "9"]
[EventCountry "CRO"]
[SourceTitle "EXT 2013"]
[Source "ChessBase"]
[SourceDate "2012.11.22"]
[SourceVersion "1"]
[SourceVersionDate "2012.11.22"]
[SourceQuality "1"]

1. d4 d5 2. c4 c6 3. Nc3 Nf6 4. Bg5 e6 5. Nf3 Nbd7 6. e3 Qa5 7. Bd3 dxc4 8. Bb1 Nd5 9. 0-0 Nxc3 10. bxc3 Qxc3 11. Be4 f5 12. Rc1 Qb4 13. Bb1 Be7 14. Bf4 Bd6 15. Bg5 0-0 16. e4 f4 17. Qc2 e5 18. Rfd1 h6 19. Qe2 hxg5 20. Rxc4 Qa5 21. Nxg5 Nf6 22. Nf3 Be6 23. Nxe5 Bxe5 24. Rc5 Qa6 25. Bd3 Qxa2 26. Rc2 Qa5 27. Rc5 Qb6 28. Rxe5 Rae8 29. Rc5 Qd8 30. e5 Bg4 31. Qa2+ Kh8 32. Rdc1 Qxd4 33. exf6 Qxd3 34. fxg7+ Kxg7 35. Rg5+ Kh6 36. Rxg4 Qe2 37. Qxe2 Rxe2 38. h3 Rf6 39. Rc5 Re1+ 40. Kh2 Re7 41. Rcg5 b5 42. Rg8 Kh7 43. Rb8 a5 44. Rg5 a4 45. h4 Ref7 46. g3 fxg3+ 47. fxg3 Rg6 48. Rc5 Ra7 49. h5 Rgg7 50. Re5 Kh6 51. Re6+ Kxh5 52. Rxc6 Rgb7 53. Rg8 a3 54. Kh3 Ra4 55. g4+ Rxg4 56. Rxg4 b4 57. Rcg6 Rb5 58. Rg8 Rb6 59. Rh4# 1-0